[Event "XXXII Festival Conca della Presolana Magistrale"]
[Site "Bratto - Castione della Presolana ITA"]
[Date "2012.08.22"]
[Round "5"]
[White "Gagliardi, Christian"]
[Black "Bemporad, Filippo"]
[WhiteElo "2217"]
[BlackElo "2079"]
[Result "1/2-1/2"]
[PlyCount "154"]
[EventDate "2012.08.18"]

1. e4 c5 2. Nf3 d6 3. d4 cxd4 4. Nxd4 Nf6 5. Nc3 e6 6. g4 h6 7. h4 Be7 8. Rg1
Nh7 9. Nf3 Nc6 10. Be3 a6 11. Qd2 Ne5 12. Nxe5 dxe5 13. Qxd8+ Bxd8 14. g5 hxg5
15. hxg5 Nf8 16. O-O-O Bd7 17. Bd3 Bc7 18. Rh1 Rxh1 19. Rxh1 O-O-O 20. b3 Ng6
21. Rh7 Rg8 22. Nb1 Bd6 23. Nd2 b5 24. Nf3 Bc6 25. Kd2 Nf8 26. Rh1 f5 27. gxf6
gxf6 28. Ke2 f5 29. Nd2 Nd7 30. f3 Nc5 31. Rh2 Nxd3 32. Kxd3 Rd8 33. Ke2 Bb4
34. Nf1 fxe4 35. fxe4 Bc3 36. Bd2 Bd4 37. c3 Bc5 38. Rh4 Rg8 39. Be3 Be7 40.
Rh7 Bd8 41. Nd2 Ba5 42. b4 Bd8 43. Rh5 Bc7 44. a3 Rg7 45. Rh6 Kd7 46. Nb3 Bd6
47. Kd3 Rg4 48. Rh7+ Kc8 49. Nd2 Bc7 50. Re7 Bd7 51. Rh7 Bc6 52. Rh8+ Kd7 53.
Rh3 Bd6 54. Bb6 Rg7 55. Nb3 Rg4 56. Re3 Be7 57. Re2 Rg3+ 58. Be3 Rg6 59. Bf2
Bd6 60. Na5 Ba8 61. c4 Bc7 62. Nb3 bxc4+ 63. Kxc4 Bd6 64. Nd2 Bc6 65. Kc3 Rg2
66. Nc4 Bb5 67. Rd2 Bxc4 68. Kxc4 Kc6 69. a4 Bb8 70. b5+ axb5+ 71. axb5+ Kb7
72. Rd7+ Kc8 73. Rf7 Rg4 74. Rf8+ Kb7 75. Rf7+ Kc8 76. Rf8+ Kb7 77. Rf7+ Kc8
1/2-1/2

[Event "XXXII Festival Conca della Presolana Magistrale"]
[Site "Bratto - Castione della Presolana ITA"]
[Date "2012.08.22"]
[Round "5"]
[White "Giuriato, Sergio"]
[Black "Pantaleoni, Claudio"]
[WhiteElo "2003"]
[BlackElo "2161"]
[Result "0-1"]
[PlyCount "74"]
[EventDate "2012.08.18"]

1. d4 Nf6 2. c4 e6 3. Nc3 Bb4 4. e3 b6 5. Bd3 Bb7 6. Nf3 Ne4 7. O-O Bxc3 8.
bxc3 O-O 9. Qc2 f5 10. Nd2 Qh4 11. f3 Ng5 12. Qd1 c5 13. Nb3 d6 14. Bd2 Nd7 15.
Qe2 e5 16. Be1 Qh6 17. h4 Ne6 18. d5 Nc7 19. f4 e4 20. Bc2 Ba6 21. g4 Qg6 22.
g5 Nxd5 23. a4 Ne7 24. Rf2 Nf6 25. h5 Nxh5 26. Rg2 Qf7 27. Nd2 g6 28. a5 Nc6
29. axb6 axb6 30. Rb1 Rfb8 31. Qf1 Na5 32. Kf2 d5 33. Qh1 Nxc4 34. Bd1 Nxf4 35.
Nxc4 Nd3+ 36. Kg3 Bxc4 37. Bd2 Ra2 0-1

[Event "XXXII Festival Conca della Presolana Magistrale"]
[Site "Bratto - Castione della Presolana ITA"]
[Date "2012.08.22"]
[Round "5"]
[White "Lanzani, Mario"]
[Black "Bresciani, Nicola"]
[WhiteElo "2291"]
[BlackElo "2255"]
[Result "1/2-1/2"]
[PlyCount "109"]
[EventDate "2012.08.18"]

1. c4 Nf6 2. Nc3 c5 3. Nf3 b6 4. e3 Bb7 5. d4 cxd4 6. exd4 e6 7. Bd3 Be7 8. O-O
d5 9. cxd5 Nxd5 10. Bb5+ Bc6 11. Bxc6+ Nxc6 12. Qa4 Qd7 13. Nxd5 Qxd5 14. Be3
O-O 15. Rac1 b5 16. Qb3 Qxb3 17. axb3 Nb4 18. Rc7 Nd5 19. Rb7 Rfb8 20. Rxb8+
Rxb8 21. Rc1 f6 22. Ne1 Kf7 23. Nd3 g5 24. h4 h6 25. hxg5 hxg5 26. Kf1 Rb7 27.
Ke2 Rc7 28. Ra1 Bb4 29. Bd2 Bd6 30. Ra5 Rb7 31. Nc5 Bxc5 32. dxc5 Ne7 33. Ra6
Rc7 34. b4 Nc6 35. Bc3 e5 36. g4 Ke6 37. Ke3 f5 38. gxf5+ Kxf5 39. f3 Rc8 40.
Ra1 Rh8 41. Ra2 Rh6 42. Ra1 Rh4 43. Kf2 Nxb4 44. Rxa7 Nd3+ 45. Ke3 Nxc5 46. Ra5
Na4 47. Rxb5 Nxc3 48. bxc3 Ra4 49. Rc5 g4 50. fxg4+ Rxg4 51. Rc8 Rg3+ 52. Kf2
Rh3 53. Rc4 e4 54. Rc8 Kf4 55. Rf8+ 1/2-1/2

[Event "XXXII Festival Conca della Presolana Magistrale"]
[Site "Bratto - Castione della Presolana ITA"]
[Date "2012.08.22"]
[Round "5"]
[White "Llaneza Vega, Patricia"]
[Black "Alberton, Roberto"]
[WhiteElo "2238"]
[BlackElo "2108"]
[Result "1/2-1/2"]
[PlyCount "55"]
[EventDate "2012.08.18"]

1. e4 d6 2. d4 Nf6 3. Nc3 e5 4. Nf3 Nbd7 5. g4 g6 6. g5 Nh5 7. Be3 Bg7 8. Qd2
c6 9. O-O-O O-O 10. dxe5 dxe5 11. Ne2 f5 12. gxf6 Qxf6 13. Bg2 Nb6 14. Bc5 Re8
15. Qg5 Qf7 16. Rd8 Bf6 17. Rxe8+ Qxe8 18. Qe3 Nc4 19. Qc3 Be6 20. Ng3 Nxg3 21.
hxg3 b6 22. Be3 Nxe3 23. Qxe3 Qe7 24. Kb1 Rd8 25. Qh6 Bg4 26. Qe3 Be6 27. Qh6
Bg4 28. Qe3 1/2-1/2

[Event "XXXII Festival Conca della Presolana Magistrale"]
[Site "Bratto - Castione della Presolana ITA"]
[Date "2012.08.22"]
[Round "5"]
[White "Moncelli, Giorgio"]
[Black "Cugini, Verter"]
[WhiteElo "2070"]
[BlackElo "2072"]
[Result "1-0"]
[PlyCount "109"]
[EventDate "2012.08.18"]

1. Nf3 g6 2. d4 Nf6 3. Bg5 Bg7 4. Nbd2 O-O 5. e4 d6 6. c3 c5 7. dxc5 dxc5 8.
Be2 Nc6 9. O-O Be6 10. Qc2 h6 11. Be3 b6 12. h3 Qc7 13. a4 Kh7 14. Bc4 Bxc4 15.
Nxc4 Rfd8 16. Rfd1 Rxd1+ 17. Rxd1 Rd8 18. Rxd8 Qxd8 19. a5 Nd7 20. axb6 axb6
21. Qb3 e6 22. Bf4 e5 23. Be3 Qc7 24. Qd1 Bf8 25. Qb3 Kg7 26. Nfd2 Be7 27. Na3
Na5 28. Qb5 Qc6 29. Qe2 Nf6 30. Qd3 Qd7 31. Qb5 Qxb5 32. Nxb5 Nd7 33. Nc7 Bg5
34. Bxg5 hxg5 35. Kf1 c4 36. Ne8+ Kf8 37. Nd6 b5 38. Nxb5 Nb6 39. Na3 Ke7 40.
Ke2 Kd6 41. Kd1 Kc5 42. Kc2 Nd7 43. Ndxc4 Nb7 44. b4+ Kc6 45. Kd3 f6 46. Nc2
Nd8 47. N2e3 Kb5 48. Nd5 Ne6 49. Nd2 f5 50. f3 Nf4+ 51. Nxf4 gxf4 52. Nc4 Ka4
53. Nd6 fxe4+ 54. Nxe4 Kb3 55. Nc5+ 1-0

[Event "XXXII Festival Conca della Presolana Magistrale"]
[Site "Bratto - Castione della Presolana ITA"]
[Date "2012.08.22"]
[Round "5"]
[White "Montani, Francesco"]
[Black "Cattaneo, Marco"]
[WhiteElo "2214"]
[BlackElo "2025"]
[Result "1-0"]
[PlyCount "81"]
[EventDate "2012.08.18"]

1. Nf3 Nf6 2. c4 g6 3. Nc3 Bg7 4. d4 O-O 5. Bg5 c5 6. d5 d6 7. Nd2 h6 8. Bh4 g5
9. Bg3 Nh5 10. e4 Nxg3 11. hxg3 f5 12. exf5 Bxf5 13. Be2 Bh7 14. O-O Nd7 15.
Bg4 Ne5 16. Be6+ Kh8 17. Nce4 Nxc4 18. Nxc4 Bxe4 19. Qg4 Bd3 20. Rfd1 Bxc4 21.
Qxc4 Bd4 22. Rxd4 cxd4 23. Qxd4+ Rf6 24. Rc1 Kg7 25. g4 Qb6 26. Qd2 Raf8 27.
Bf5 Rxf5 28. gxf5 Rxf5 29. Re1 Re5 30. Qc3 Kf6 31. b4 e6 32. Re3 g4 33. Re4 Kf5
34. Rc4 Rxd5 35. Qg7 h5 36. Qh7+ Kg5 37. g3 Rd1+ 38. Kg2 e5 39. Qg7+ Kf5 40.
Qf7+ Kg5 41. Rc8 1-0

[Event "XXXII Festival Conca della Presolana Magistrale"]
[Site "Bratto - Castione della Presolana ITA"]
[Date "2012.09.11"]
[Round "5"]
[White "Podini, Francesco"]
[Black "Gioseffi, Massimiliano"]
[WhiteElo "2021"]
[BlackElo "2128"]
[Result "1/2-1/2"]
[PlyCount "78"]
[EventDate "2012.08.18"]

1. e4 e6 2. d3 c5 3. Nf3 Nc6 4. g3 Nge7 5. Bg2 g6 6. Be3 Bg7 7. Nc3 Nd4 8. Qd2
h6 9. O-O d6 10. Ne1 Rb8 11. Nd1 b5 12. c3 Ndc6 13. d4 cxd4 14. cxd4 d5 15. e5
Nf5 16. Rc1 Qb6 17. Nf3 O-O 18. h4 Bd7 19. Bh3 Nxe3 20. Nxe3 Qd8 21. Rc5 Qe7
22. Rfc1 Rfc8 23. Bf1 a6 24. Bd3 Be8 25. Bb1 Nxe5 26. Nxe5 Rxc5 27. Rxc5 Bxe5
28. Ng4 Bd6 29. Qxh6 Bxc5 30. dxc5 e5 31. h5 e4 32. Qf4 Rd8 33. Nf6+ Kg7 34.
h6+ Kh8 35. g4 Bc6 36. g5 d4 37. Bxe4 Bxe4 38. Nxe4 d3 39. Nd6 Kh7 1/2-1/2

[Event "XXXII Festival Conca della Presolana Magistrale"]
[Site "Bratto - Castione della Presolana ITA"]
[Date "2012.08.22"]
[Round "5"]
[White "Prelati, Maurizio"]
[Black "Reduzzi, Maurizio"]
[WhiteElo "1991"]
[BlackElo "2103"]
[Result "0-1"]
[PlyCount "52"]
[EventDate "2012.08.18"]

1. e4 e6 2. d4 d5 3. Nd2 a6 4. Ngf3 Nf6 5. Bd3 c5 6. c3 Nc6 7. O-O dxe4 8. Nxe4
Nxe4 9. Bxe4 Be7 10. Be3 cxd4 11. cxd4 Bd7 12. d5 exd5 13. Bxd5 O-O 14. a3 Rc8
15. Qb3 Na5 16. Qa2 Bc6 17. Bxc6 Nxc6 18. Rfd1 Qc7 19. Rac1 Bf6 20. b4 Rfd8 21.
g3 Rxd1+ 22. Rxd1 Rd8 23. Qc2 h5 24. Bd4 Qd7 25. Kg2 Nxd4 26. Qe4 Qd5 0-1

[Event "XXXII Festival Conca della Presolana Magistrale"]
[Site "Bratto - Castione della Presolana ITA"]
[Date "2012.08.22"]
[Round "5"]
[White "Radice, Luca"]
[Black "Gerola, Fausto"]
[WhiteElo "2029"]
[BlackElo "2199"]
[Result "1/2-1/2"]
[PlyCount "31"]
[EventDate "2012.08.18"]

1. d4 d5 2. c4 c6 3. Nf3 Nf6 4. e3 e6 5. Nbd2 Nbd7 6. Bd3 Bd6 7. O-O O-O 8. e4
dxe4 9. Nxe4 Nxe4 10. Bxe4 h6 11. Bc2 c5 12. Qd3 Nf6 13. Be3 b6 14. Rfd1 Qc7
15. dxc5 Bxc5 16. Bxc5 1/2-1/2

[Event "XXXII Festival Conca della Presolana Magistrale"]
[Site "Bratto - Castione della Presolana ITA"]
[Date "2012.08.22"]
[Round "5"]
[White "Rambaldi, Francesco"]
[Black "Gonella, Daniele"]
[WhiteElo "2272"]
[BlackElo "2157"]
[Result "1-0"]
[PlyCount "55"]
[EventDate "2012.08.18"]

1. c4 Nf6 2. Nc3 g6 3. e4 e5 4. Nf3 d6 5. d4 exd4 6. Nxd4 Bg7 7. Be2 Nc6 8.
Nxc6 bxc6 9. O-O O-O 10. Bg5 Re8 11. Qd2 Qe7 12. f3 Bb7 13. Rfe1 Qe6 14. Bf1
Nd7 15. Rad1 Nf8 16. Be3 c5 17. Nd5 Qc8 18. g3 Qb8 19. Rb1 a5 20. Bg5 Bxd5 21.
cxd5 Qb4 22. Qc2 Rab8 23. Bc4 Bxb2 24. Bf6 Qxe1+ 25. Rxe1 Bxf6 26. Rb1 Bd4+ 27.
Kg2 Nd7 28. Bb5 1-0

[Event "XXXII Festival Conca della Presolana Magistrale"]
[Site "Bratto - Castione della Presolana ITA"]
[Date "2012.08.22"]
[Round "5"]
[White "Ranfagni, Stefano"]
[Black "Giretti Kanev, Jasen"]
[WhiteElo "1980"]
[BlackElo "2189"]
[Result "0-1"]
[PlyCount "126"]
[EventDate "2012.08.18"]

1. c4 e5 2. Nc3 Nf6 3. g3 Bc5 4. Bg2 O-O 5. e3 Nc6 6. Nge2 Re8 7. d3 d6 8. O-O
Bg4 9. h3 Bh5 10. a3 a5 11. Qc2 Qd7 12. Kh2 a4 13. Re1 Nd8 14. Ne4 Nxe4 15.
Bxe4 Ne6 16. Ng1 c6 17. Bd2 Ng5 18. Bg2 f5 19. d4 Bb6 20. f4 exf4 21. exf4 Ne4
22. Bc3 Qe6 23. g4 Qh6 24. Bxe4 Qxf4+ 25. Kh1 Bxg4 26. hxg4 fxe4 27. Qg2 Re6
28. Nh3 Qh6 29. g5 Qh4 30. Re3 d5 31. c5 Bc7 32. Be1 Qh5 33. Bg3 Bxg3 34. Qxg3
Rf8 35. Kg2 Rf3 36. Rxf3 exf3+ 37. Qxf3 Re2+ 38. Kg3 Qe8 39. Kh4 Re3 40. Qg4 h5
41. gxh6 Qe7+ 42. Kh5 Qf7+ 43. Kh4 Qf6+ 44. Ng5 Re4 45. h7+ Kh8 46. Re1 Qf2+
47. Kh5 Qh2+ 48. Nh3 Rxg4 49. Re8+ Kxh7 50. Kxg4 Qg2+ 51. Kh4 Qxb2 52. Ng5+ Kh6
53. Rh8+ Kg6 54. Nf3 Kf5 55. Kg3 Qxa3 56. Rf8+ Ke4 57. Rf4+ Ke3 58. Ne1 Ke2+
59. Nf3 Qe3 60. Rf5 Qf2+ 61. Kg4 Qg2+ 62. Kh4 Qxf3 63. Rxf3 Kxf3 0-1

[Event "XXXII Festival Conca della Presolana Magistrale"]
[Site "Bratto - Castione della Presolana ITA"]
[Date "2012.08.22"]
[Round "5"]
[White "Sala, Giovanni"]
[Black "Petrone, Gianmario"]
[WhiteElo "2022"]
[BlackElo "1957"]
[Result "1-0"]
[PlyCount "79"]
[EventDate "2012.08.18"]

1. c4 g6 2. g3 Bg7 3. Bg2 d6 4. Nc3 Nc6 5. e4 e5 6. Nge2 Nge7 7. d3 O-O 8. O-O
Bd7 9. Nd5 Nxd5 10. cxd5 Ne7 11. Qb3 Rb8 12. Be3 c5 13. dxc6 Nxc6 14. Nc3 Be6
15. Nd5 Nd4 16. Bxd4 exd4 17. f4 Qa5 18. Rac1 Bxd5 19. Qxd5 Qxd5 20. exd5 Rfc8
21. Kf2 f5 22. Rfe1 Kf7 23. h3 Bh6 24. Bf3 Bg7 25. g4 Bf6 26. Kg3 Rxc1 27. Rxc1
fxg4 28. Rc7+ Be7 29. Bxg4 Ke8 30. Be6 Kd8 31. Rd7+ Ke8 32. Kf3 h5 33. Ke4 Bf6
34. Rf7 Bh8 35. Rh7 Bf6 36. Rf7 Bh8 37. Rh7 Bf6 38. Bf7+ Kf8 39. Bxg6 Kg8 40.
Rc7 1-0

[Event "XXXII Festival Conca della Presolana Magistrale"]
[Site "Bratto - Castione della Presolana ITA"]
[Date "2012.08.22"]
[Round "5"]
[White "Sharma, Dinesh K."]
[Black "Marguerettaz, Davy"]
[WhiteElo "2361"]
[BlackElo "2214"]
[Result "1-0"]
[PlyCount "37"]
[EventDate "2012.08.18"]

1. e4 e5 2. Nf3 Nc6 3. Bb5 a6 4. Ba4 Nf6 5. O-O Nxe4 6. d4 b5 7. Bb3 d5 8. dxe5
Be6 9. Be3 Na5 10. Nd4 Nc5 11. Qe2 Nc4 12. Bc1 Nxb3 13. axb3 Nb6 14. Rxa6 Rxa6
15. Qxb5+ Bd7 16. Qxa6 Bc5 17. Qd3 O-O 18. Nd2 Re8 19. N2f3 1-0

[Event "XXXII Festival Conca della Presolana Magistrale"]
[Site "Bratto - Castione della Presolana ITA"]
[Date "2012.08.22"]
[Round "5"]
[White "Welling, Gerard"]
[Black "Satyapragyan, Swayangsu"]
[WhiteElo "2330"]
[BlackElo "2435"]
[Result "1/2-1/2"]
[PlyCount "84"]
[EventDate "2012.08.18"]

1. e4 e6 2. d4 d5 3. Nc3 Bb4 4. exd5 exd5 5. Bd3 Nf6 6. Bg5 c6 7. Nge2 O-O 8.
O-O Re8 9. Ng3 h6 10. Bf4 Be6 11. Nce2 Nbd7 12. c3 Bf8 13. Re1 Nb6 14. a4 Nc4
15. Qc2 Rc8 16. Rad1 Qb6 17. Bc1 c5 18. h3 Bd7 19. Bf5 Bxf5 20. Nxf5 Ne4 21.
Ne3 Nxe3 22. Bxe3 c4 23. Bf4 Re6 24. Ng3 Rce8 25. Nxe4 Rxe4 26. Kf1 Qg6 27. Qd2
Rxe1+ 28. Rxe1 Rxe1+ 29. Qxe1 Qc2 30. Qa1 Be7 31. g3 Bf6 32. Qa3 g5 33. Bb8
Qd3+ 34. Kg1 Qb1+ 35. Kg2 Qe4+ 36. Kg1 Be7 37. Bd6 Qe1+ 38. Kg2 Qe4+ 39. Kg1
Qe1+ 40. Kg2 Qe4+ 41. Kg1 Qb1+ 42. Kg2 Qe4+ 1/2-1/2

[Event "XXXII Festival Conca della Presolana Magistrale"]
[Site "Bratto - Castione della Presolana ITA"]
[Date "2012.08.23"]
[Round "6"]
[White "Alberton, Roberto"]
[Black "Podini, Francesco"]
[WhiteElo "2108"]
[BlackElo "2021"]
[Result "1/2-1/2"]
[PlyCount "76"]
[EventDate "2012.08.18"]

1. e4 c5 2. c3 d6 3. d4 Nf6 4. Bd3 g6 5. Nf3 Bg7 6. O-O O-O 7. h3 cxd4 8. cxd4
Nc6 9. Nc3 a6 10. Bg5 Qa5 11. Qd2 Re8 12. a3 e5 13. b4 Qb6 14. d5 Nd4 15. Nxd4
exd4 16. Na4 Qd8 17. Nb2 b5 18. a4 Bd7 19. axb5 Bxb5 20. f3 Bxd3 21. Nxd3 Qb6
22. Bh4 Nd7 23. Bf2 Rec8 24. Ra2 Qb5 25. Ra5 Qc4 26. Rc1 Qb3 27. Rxc8+ Rxc8 28.
Rxa6 Rc3 29. Ra8+ Nf8 30. Ne1 Qxb4 31. Ra2 Nd7 32. Rb2 Qc4 33. Rb7 Qc8 34. Rb4
Qc5 35. Rb7 Nf8 36. Rb1 h5 37. Rd1 Rc4 38. Nd3 Qa3 1/2-1/2

[Event "XXXII Festival Conca della Presolana Magistrale"]
[Site "Bratto - Castione della Presolana ITA"]
[Date "2012.08.23"]
[Round "6"]
[White "Arun Prasad, Subramanian"]
[Black "Rambaldi, Francesco"]
[WhiteElo "2531"]
[BlackElo "2272"]
[Result "1-0"]
[PlyCount "77"]
[EventDate "2012.08.18"]

1. g3 e5 2. c4 Nf6 3. Bg2 c6 4. d4 Bb4+ 5. Bd2 Bxd2+ 6. Qxd2 d6 7. Nc3 O-O 8.
e4 Re8 9. Nge2 a5 10. O-O Na6 11. h3 exd4 12. Nxd4 Nc5 13. Rfe1 Qb6 14. Rab1
Bd7 15. b3 Rad8 16. a3 g6 17. b4 axb4 18. axb4 Ne6 19. Nc2 Bc8 20. Kh2 Qa6 21.
Bf1 Qa8 22. f4 Qb8 23. Bg2 h5 24. f5 Nf8 25. Qf4 Kg7 26. c5 N8d7 27. Rbd1 Ne5
28. Rf1 Ng8 29. Ne3 dxc5 30. Rxd8 Rxd8 31. bxc5 Nd7 32. Qg5 Rf8 33. fxg6 fxg6
34. Nf5+ Kh7 35. Nh4 Rxf1 36. Qxg6+ Kh8 37. Qxh5+ Kg7 38. Qg5+ Kf8 39. Bxf1 1-0

[Event "XXXII Festival Conca della Presolana Magistrale"]
[Site "Bratto - Castione della Presolana ITA"]
[Date "2012.08.23"]
[Round "6"]
[White "Bellia, Fabrizio"]
[Black "Esposito, Luca"]
[WhiteElo "2451"]
[BlackElo "2256"]
[Result "0-1"]
[PlyCount "186"]
[EventDate "2012.08.18"]

1. d4 Nf6 2. c4 c5 3. d5 b5 4. cxb5 a6 5. b6 d6 6. Nc3 Nbd7 7. e4 g6 8. Nf3
Qxb6 9. Nd2 Qd8 10. Nc4 Nb6 11. Ne3 Bg7 12. a4 O-O 13. a5 Nbd7 14. Nc4 Rb8 15.
Bd3 Ne8 16. O-O Nc7 17. f4 Nf6 18. Kh1 Bd7 19. Bd2 Bb5 20. b3 e6 21. Qf3 exd5
22. exd5 Bd7 23. Nb6 Bg4 24. Qg3 Bf5 25. Bxf5 gxf5 26. Rae1 Nd7 27. Nca4 Nb5
28. Qd3 Nxb6 29. Nxb6 Nd4 30. b4 Rxb6 31. axb6 Qxb6 32. bxc5 dxc5 33. Rb1 Qd6
34. Qc4 Nb5 35. Rf3 Rd8 36. Re1 Kf8 37. Rfe3 Bd4 38. Re7 Qxd5 39. Re8+ Kg7 40.
Qd3 Rd6 41. Ba5 Rg6 42. Qc2 Nd6 43. Rd8 Ne4 44. h3 Nf2+ 45. Qxf2 Qxd8 46. Qa2
Qd7 47. Rb1 Qe6 48. Qd2 Qe3 49. Qxe3 Bxe3 50. Bc3+ Bd4 51. Bxd4+ cxd4 52. Kg1
d3 53. Rd1 Rd6 54. Rd2 Kf6 55. Kf2 Ke6 56. Ke1 a5 57. Ra2 d2+ 58. Kd1 Rd5 59.
Ra4 Kd6 60. Rc4 h6 61. Rc8 a4 62. Ra8 Rd4 63. Ra5 Ke6 64. g3 Kf6 65. Ra6+ Kg7
66. h4 h5 67. Ra5 Kg6 68. Ra6+ f6 69. Ra7 Rd3 70. Rxa4 Rxg3 71. Kxd2 Rg4 72.
Ke3 Rxh4 73. Ra8 Rh3+ 74. Kf2 h4 75. Rh8 Kf7 76. Ra8 Rc3 77. Ra4 Rc2+ 78. Kg1
Kg6 79. Ra5 Rc4 80. Kg2 Rxf4 81. Kh3 Kg5 82. Ra8 Rf3+ 83. Kg2 Rg3+ 84. Kf2 f4
85. Rf8 h3 86. Rh8 Ra3 87. Kg1 f3 88. Kf2 Kg4 89. Rg8+ Kf4 90. Rh8 Ra2+ 91. Kg1
Rg2+ 92. Kh1 f2 93. Rh4+ Rg4 0-1

[Event "XXXII Festival Conca della Presolana Magistrale"]
[Site "Bratto - Castione della Presolana ITA"]
[Date "2012.08.23"]
[Round "6"]
[White "Bemporad, Filippo"]
[Black "Llaneza Vega, Patricia"]
[WhiteElo "2079"]
[BlackElo "2238"]
[Result "0-1"]
[PlyCount "50"]
[EventDate "2012.08.18"]

1. d4 Nf6 2. Nf3 g6 3. c4 Bg7 4. Nc3 O-O 5. e4 d6 6. Be2 e5 7. O-O Nc6 8. d5
Ne7 9. Ne1 Nd7 10. Nd3 f5 11. Bd2 fxe4 12. Nxe4 Nf5 13. f3 Nf6 14. Ndf2 Bd7 15.
Bg5 h6 16. Bd2 a5 17. Bd3 Nxe4 18. Nxe4 b6 19. Rc1 Qe8 20. b3 g5 21. Nc3 e4 22.
fxe4 Bd4+ 23. Kh1 Ng3+ 24. hxg3 Rxf1+ 25. Qxf1 Qh5# 0-1

[Event "XXXII Festival Conca della Presolana Magistrale"]
[Site "Bratto - Castione della Presolana ITA"]
[Date "2012.08.23"]
[Round "6"]
[White "Bresciani, Nicola"]
[Black "Cebalo, Miso"]
[WhiteElo "2255"]
[BlackElo "2435"]
[Result "0-1"]
[PlyCount "80"]
[EventDate "2012.08.18"]

1. e4 c5 2. Nf3 Nc6 3. d4 cxd4 4. Nxd4 g6 5. c4 Nf6 6. Nc3 Nxd4 7. Qxd4 d6 8.
Be2 Bg7 9. Be3 O-O 10. Qd2 a5 11. Rd1 a4 12. c5 a3 13. b4 Be6 14. O-O dxc5 15.
Qc2 Qc7 16. bxc5 Rfd8 17. h3 Qa5 18. Nb5 Rdc8 19. Qb1 Nd7 20. f4 Nxc5 21. f5
Bd7 22. Rd5 Bxb5 23. Bxb5 Qc3 24. Bf2 b6 25. Rfd1 Qb2 26. fxg6 hxg6 27. Bd7 Rc7
28. Bg4 e6 29. Rd8+ Rxd8 30. Rxd8+ Kh7 31. Qe1 Rd7 32. Bxc5 Bd4+ 33. Kh1 Rxd8
34. Qh4+ Kg7 35. Qxd8 Qb1+ 36. Kh2 Be5+ 37. g3 Qxa2+ 38. Kh1 bxc5 39. Qd3 c4
40. Bxe6 Qa1+ 0-1

[Event "XXXII Festival Conca della Presolana Magistrale"]
[Site "Bratto - Castione della Presolana ITA"]
[Date "2012.08.23"]
[Round "6"]
[White "Brun, Dario"]
[Black "Cacciola, Alfredo"]
[WhiteElo "2262"]
[BlackElo "2114"]
[Result "1-0"]
[PlyCount "49"]
[EventDate "2012.08.18"]

1. d4 d5 2. c4 e6 3. Nc3 Nf6 4. cxd5 exd5 5. Bg5 Be7 6. e3 O-O 7. Bd3 Nbd7 8.
Qc2 Re8 9. Nge2 Nf8 10. O-O c6 11. f3 Be6 12. Rae1 Rc8 13. Ng3 Rc7 14. a3 a6
15. b4 Bc8 16. Na4 g6 17. Nc5 Ne6 18. Nxe6 Bxe6 19. f4 Ng4 20. h3 Bxg5 21. fxg5
Qxg5 22. hxg4 Bxg4 23. e4 Rd8 24. Qf2 h5 25. e5 1-0

[Event "XXXII Festival Conca della Presolana Magistrale"]
[Site "Bratto - Castione della Presolana ITA"]
[Date "2012.08.23"]
[Round "6"]
[White "Casagrande, Fabio"]
[Black "Prelati, Maurizio"]
[WhiteElo "1981"]
[BlackElo "1991"]
[Result "1-0"]
[PlyCount "59"]
[EventDate "2012.08.18"]

1. e4 c5 2. Nc3 Nc6 3. f4 e6 4. Nf3 Nge7 5. Bb5 a6 6. Bxc6 Nxc6 7. O-O Be7 8.
d3 d5 9. e5 b5 10. Qe1 Bb7 11. Ne2 Nb4 12. Qd1 d4 13. a3 Nd5 14. Ng3 Qb6 15. f5
c4 16. fxe6 fxe6 17. Ng5 Ne3 18. Bxe3 dxe3 19. Kh1 Bxg5 20. Qh5+ Kd7 21. Qxg5
Rhe8 22. d4 Qc6 23. d5 exd5 24. Rf7+ Kc8 25. Nf5 Rxe5 26. Ne7+ Rxe7 27. Qxe7
Kb8 28. Qxe3 d4 29. Qf4+ Kc8 30. Rxg7 1-0

[Event "XXXII Festival Conca della Presolana Magistrale"]
[Site "Bratto - Castione della Presolana ITA"]
[Date "2012.08.23"]
[Round "6"]
[White "Cattaneo, Marco"]
[Black "Gonella, Daniele"]
[WhiteElo "2025"]
[BlackElo "2157"]
[Result "1-0"]
[PlyCount "105"]
[EventDate "2012.08.18"]

1. d4 Nf6 2. Nf3 g6 3. c4 Bg7 4. Nc3 d5 5. cxd5 Nxd5 6. e4 Nxc3 7. bxc3 c5 8.
Rb1 O-O 9. Be2 Nc6 10. d5 Ne5 11. Nxe5 Bxe5 12. Qd2 e6 13. f4 Bc7 14. O-O exd5
15. exd5 Ba5 16. d6 b6 17. Bf3 Bf5 18. Bxa8 Bxb1 19. Bc6 Qf6 20. Bb2 Bxa2 21.
f5 g5 22. c4 Bxd2 23. Bxf6 Bxc4 24. d7 Be3+ 25. Rf2 b5 26. d8=Q Rxd8 27. Bxd8
b4 28. g3 Kg7 29. Kg2 Bxf2 30. Kxf2 b3 31. Ba5 Kf6 32. g4 Ke5 33. Ke3 Kd6 34.
Be4 Bd5 35. Bb1 Bg2 36. Kd3 Bf3 37. Kc3 Bxg4 38. Kxb3 h5 39. Bd8 Ke5 40. Bc7+
Kd4 41. Bd8 Ke5 42. Bc7+ Kd4 43. Bd8 Bd1+ 44. Kb2 g4 45. Bf6+ Ke3 46. Ba2 Kf4
47. Bxf7 Kxf5 48. Be7 c4 49. Bxh5 Ba4 50. Bf7 Kf4 51. Bd6+ Kf3 52. Bxc4 Kg2 53.
Ka3 1-0

[Event "XXXII Festival Conca della Presolana Magistrale"]
[Site "Bratto - Castione della Presolana ITA"]
[Date "2012.08.23"]
[Round "6"]
[White "Collutiis, Duilio"]
[Black "Sharma, Dinesh K."]
[WhiteElo "2511"]
[BlackElo "2361"]
[Result "1/2-1/2"]
[PlyCount "86"]
[EventDate "2012.08.18"]

1. g3 g6 2. Bg2 Bg7 3. Nf3 Nf6 4. O-O O-O 5. Re1 d6 6. d4 Nbd7 7. e4 e5 8. Nc3
c6 9. a4 Qc7 10. h3 Re8 11. b3 exd4 12. Nxd4 Nc5 13. Bb2 Bd7 14. Qd2 Rad8 15.
Rad1 Bc8 16. Qc1 Ne6 17. Nde2 Nc5 18. Nf4 h6 19. Qa1 Nh7 20. Kh2 Bf8 21. Nb1 a5
22. Nd2 Na6 23. Nd3 Nb4 24. Nxb4 axb4 25. Nc4 h5 26. Qc1 d5 27. exd5 Rxe1 28.
Rxe1 cxd5 29. Ne3 Be6 30. Rd1 d4 31. Rxd4 Rxd4 32. Bxd4 Bxb3 33. Ba1 Bxa4 34.
Qb2 Qc3 35. Qc1 Qc5 36. Nd5 Qxc2 37. Qe3 Bg7 38. Qe1 b3 39. Bxg7 Kxg7 40. Qe5+
Kg8 41. Qb8+ Kg7 42. Qe5+ Kg8 43. Qb8+ Kg7 1/2-1/2

[Event "XXXII Festival Conca della Presolana Magistrale"]
[Site "Bratto - Castione della Presolana ITA"]
[Date "2012.08.23"]
[Round "6"]
[White "David, Alberto"]
[Black "Maiorov, Nikita"]
[WhiteElo "2595"]
[BlackElo "2554"]
[Result "1-0"]
[PlyCount "93"]
[EventDate "2012.08.18"]

1. Nf3 Nf6 2. c4 b6 3. g3 Bb7 4. Bg2 e6 5. O-O Be7 6. Nc3 O-O 7. Re1 d5 8. cxd5
exd5 9. d4 Na6 10. Bf4 c5 11. e3 h6 12. h4 Qc8 13. Ne5 Nc7 14. Rc1 Rd8 15. Qf3
Nce8 16. g4 Bd6 17. g5 hxg5 18. hxg5 Bxe5 19. Bxe5 Nh7 20. Qg3 Qf5 21. Nxd5
Bxd5 22. e4 Qxg5 23. exd5 Rac8 24. Qxg5 Nxg5 25. f4 Nh7 26. Bh3 Ra8 27. dxc5
bxc5 28. Rxc5 Nf8 29. b4 Nd7 30. Rc6 Nxe5 31. Rxe5 Nd6 32. a4 a6 33. Re7 Kf8
34. Rcc7 Rab8 35. Red7 Rxd7 36. Rxd7 Nc4 37. d6 Nb6 38. Ra7 Nxa4 39. Rxa6 Nc3
40. Bf1 Ke8 41. Ra7 Nd5 42. Bc4 Nxf4 43. Re7+ Kd8 44. Rxf7 Nh3+ 45. Kh2 Rxb4
46. Be6 Rf4 47. Rc7 1-0